| 000 | 02782cam a2200181 4500500 | ||
|---|---|---|---|
| 005 | 20251228073312.0 | ||
| 041 | _afre | ||
| 042 | _adc | ||
| 100 | 1 | 0 |
_aGourmelen, Bernard _eauthor |
| 245 | 0 | 0 | _aRéponses (5). L'expérience qui sera validée lors d'une VAE est-elle une expérience comme une autre ? |
| 260 | _c2005. | ||
| 500 | _a96 | ||
| 520 | _aRésuméCet article présente une revue de littérature internationale portant sur l’expérience des apprenants dans des dispositifs d’e-formation. 43 publications ont été étudiées. Leurs résultats ont été organisés selon cinq thèmes : a) l’usage des technologies ; b) l’organisation de l’activité d’étude ; c) la médiatisation des interactions ; d) la collaboration dans des e-communautés, e) le lien entre interactions en ligne et apprentissage. Ils montrent l’importance d’aspects peu pris en compte dans les dispositifs d’e-formation : l’autonomie réelle des apprenants, la dimension temporelle dans leur activité d’étude et les interactions, les limites des interactions asynchrones. | ||
| 520 | _aThis paper presents a review of international literature on learners’ actual e-learning experience(s). 43 research papers have been reviewed. Their findings have been organised according to five themes: a) use of technology; b) organisation of study activity; c) influences of Internet media on pedagogical and social interactions ; d) collaboration within e-communities; e) link between online interaction and learning. They reveal the importance of a number of aspects (parameters) which are not very much taken into account in the design of e-learning-based training systems: the degree and quality of actual learner autonomy, the temporal dimension as it affects study activity and interactions, and lastly, the limitations of asynchronous interactions. | ||
| 520 | _aResumenEste artículo presenta una revisión de la literatura internacional sobre el tema de la experiencia de los aprendices en los programas de e-learning. 43 publicaciones fueron organizadas segun 5 temas : a) el uso de las teconologías, b) la organización de la actividad de estudio, c) la mediación de las interacciones, d) la colaboración entre las e-comunidades, e) la relación entre las interacciones en linea y el aprendizaje. Los resultados muestran la importancia de ciertos aspectos que no son muy tenidos en cuenta en los programas de e-learning : la autonomía real de los aprendices, la dimensión temporal dentro de la actividad de estudio y de las interacciones, los límites de las interacciones asincrónicas. | ||
| 786 | 0 | _nSavoirs | 8 | 2 | 2005-06-01 | p. 75-81 | 1763-4229 | |
| 856 | 4 | 1 | _uhttps://shs.cairn.info/revue-savoirs-2005-2-page-75?lang=fr&redirect-ssocas=7080 |
| 999 |
_c1595030 _d1595030 |
||